书目信息 |
| 题名: |
资本倍增
|
|
| 作者: | 张文 著 | |
| 分册: | ||
| 出版信息: | 北京 中国经济出版社 2016 |
|
| 页数: | 241页 | |
| 开本: | 24cm | |
| 丛书名: | ||
| 单 册: | ||
| 中图分类: | F275.1 | |
| 科图分类: | ||
| 主题词: | 企业管理--qi ye guan li--资本运作--研究 , 企业融资--qi ye rong zi--研究 | |
| 电子资源: | ||
| ISBN: | 978-7-5136-4155-5 | |
| 000 | 00923nam0 22002651 450 | |
| 001 | 0120082210 | |
| 005 | 20170320082210.0 | |
| 010 | @a978-7-5136-4155-5@dCNY42.00 | |
| 100 | @a20160418d2016 em y0chiy50 ea | |
| 101 | 0 | @achi |
| 102 | @aCN@b110000 | |
| 105 | @ay z 000yy | |
| 106 | @ar | |
| 200 | 1 | @a资本倍增@9zi ben bei zeng@dCapital multiplier@e资本运作、众筹与新三板上市@f张文著@zeng |
| 210 | @a北京@c中国经济出版社@d2016 | |
| 215 | @a241页@d24cm | |
| 330 | @a本书分四大板块:一是资本倍增原理;二是资本运作;三是众筹;四是新三板上市。 | |
| 510 | 1 | @aCapital multiplier@zeng |
| 517 | 1 | @a资本运作、众筹与新三板上市@9zi ben yun zuo zhong chou yu xin san ban shang shi |
| 606 | 0 | @a企业管理@9qi ye guan li@x资本运作@x研究 |
| 606 | 0 | @a企业融资@9qi ye rong zi@x研究 |
| 690 | @aF275.1@v5 | |
| 701 | 0 | @a张文@9zhang wen@c(管理)@4著 |
| 801 | 0 | @aCN@bTANGWEI@c20170308 |
| 905 | @b0956972-5@dF275.1@e1349@f4 | |
| 资本倍增=Capital multiplier:资本运作、众筹与新三板上市/张文著.-北京:中国经济出版社,2016 |
| 241页;24cm |
| ISBN 978-7-5136-4155-5:CNY42.00 |
| 本书分四大板块:一是资本倍增原理;二是资本运作;三是众筹;四是新三板上市。 |
| ● |
| 相关链接 |
|
|
|
|
正题名:资本倍增
索取号:F275.1/1349
 
预约/预借
| 序号 | 登录号 | 条形码 | 馆藏地/架位号 | 状态 | 备注 |
| 1 | 0956972 | 209569723 | 第一样本阅览室/ [索取号:F275.1/1349] | 在馆 | |
| 2 | 0956973 | 209569732 | 第一借阅区/ [索取号:F275.1/1349] | 在馆 | |
| 3 | 0956974 | 209569741 | 第一借阅区/ [索取号:F275.1/1349] | 在馆 | |
| 4 | 0956975 | 209569750 | 第一借阅区/ [索取号:F275.1/1349] | 在馆 |